| 000 | 00798nam a22002897a 4500 | ||
|---|---|---|---|
| 005 | 20230830123006.0 | ||
| 008 | 170515b2013 xxu||||| |||| 00| 0 spa d | ||
| 020 | _a9786074386219 | ||
| 041 | _aESP | ||
| 082 | _a621.381.5 M464p | ||
| 100 |
_aMaxinez, David _942637 |
||
| 245 | _aProgramación de sistemas digitales con VHDL | ||
| 260 | _aMéxico | ||
| 260 | _bGrupo Editorial Patria | ||
| 260 | _c2013 | ||
| 300 | _a362 páginas | ||
| 505 | _aContiene disco compacto N° 776 | ||
| 650 | _aSISTEMAS DIGITALES | ||
| 650 | _aPROGRAMACIÓN | ||
| 650 | _aROBOTS MÓVILES | ||
| 650 | _aBIT-SLICE | ||
| 650 | _aARQUITECTURA DE COMPUTADORAS | ||
| 650 | _aCONTROLADORES RISC | ||
| 650 | _aREDES NEURONALES ARTIFICIALES | ||
| 942 |
_cBK _2ddc |
||
| 999 |
_c9401 _d9401 |
||